| 000 | 00819nam a22003130a 4500 | ||
|---|---|---|---|
| 001 | PT32567 | ||
| 003 | AR-LpoUNG | ||
| 005 | 20210131230018.0 | ||
| 008 | 191001s2008||||bl |||||||||||||||||por d | ||
| 020 |
_a9788508025046 _c$80 |
||
| 040 |
_aAR-LpoUNG _bspa _cAR-LpoUNG _eaacr |
||
| 041 | _apor | ||
| 044 | _abl | ||
| 082 | 0 | _aR469 949ver | |
| 100 | 1 | _aLuft, Celso Pedro | |
| 245 | 1 | 0 | _aDicionário prático de regência verbal |
| 250 | _a8va. ed. | ||
| 260 |
_aSan Pablo : _bAtica, _c2008. |
||
| 300 |
_a544 p. : _bgráfs. |
||
| 650 | 4 | _aDICCIONARIOS | |
| 650 | 4 | _aLENGUA PORTUGUESA | |
| 650 | 4 | _aLINGÜISTICA | |
| 650 | 4 | _aMATERIAL DE REFERENCIA | |
| 650 | 4 | _aTERMINOLOGIA | |
| 651 | 4 | _aDOCUMENTOS TEORICOS O METODOLOGICOS | |
| 653 | _aDICCIONARIOS DE PORTUGUES | ||
| 905 | _a32567 | ||
| 942 | _cLSALA | ||
| 999 |
_c830 _d830 |
||